Concerti grossi, op. 6

Hlavní autor: Händel, Georg Friedrich, 1685-1759
Korporativní autor: Pražští komorní sólisté
Další autoři: Jírovec, Václav, 1936-2000, Přikryl, Jaroslav, 1935-2009, Hůla, Pavel, 1952-2021, Hůlová, Lucie, 1977-
Jazyk: Neurčený, nezjistitelný
Vydáno: Praha : Music Vars, p1998
Témata:
Fyzický popis: 1 CD : DDD ; 12 cm + 1 brožura [8 s.].
Zvukové nahrávky
Uloženo v:
LEADER 01661njm a2200397 a 4500
001 000405087
003 CZ BrMZK
005 20040701085141.0
008 010907s1998 xr f und d
028 0 3 |a VA 0092-2 031  |b Music Vars 
040 |a BOA001  |b cze 
080 |a 785.1"17"(086.7)  |2 MRF 
100 1 |a Händel, Georg Friedrich,  |d 1685-1759  |7 jn19990003280  |4 cmp 
245 1 0 |a Concerti grossi, op. 6  |h [zvukový záznam] /  |c Georg Friedrich Händel. 
246 3 3 |a Concerto no. 1 in G major 
246 3 3 |a Concerto no. 2 in F major 
246 3 3 |a Concerto no. 3 in E minor 
246 3 3 |a Concerto no. 4 in A minor 
260 |a Praha :  |b Music Vars,  |c p1998 
300 |a 1 CD :  |b DDD ;  |c 12 cm +  |e 1 brožura [8 s.]. 
306 |a 004803 
500 |a Durata 48:03 
500 |a Text v brož. vícejaz. 
500 |a Nahr. 1998 
505 2 |a Concerto no. 1 in G major, Concerto no. 2 in F major, Concerto no. 3 in E minor ... [et al.] 
511 0 |a Pavel Hůla, housle; Lucie Hůlová, housle; Václav Jírovec, violoncello ... [et al.]. Pražští komorní sólisté, dir. Václav Jírovec 
653 0 |a concerti grossi  |a komorní orchestr 
700 1 |a Jírovec, Václav,  |d 1936-2000  |7 jn20000710119  |4 cnd  |4 prf 
700 1 |a Přikryl, Jaroslav,  |d 1935-2009  |7 jk01101582  |4 prf 
700 1 |a Hůla, Pavel,  |d 1952-2021  |7 jn20000401153  |4 prf 
700 1 |a Hůlová, Lucie,  |d 1977-  |7 jo20000075295  |4 prf 
710 2 |a Pražští komorní sólisté  |7 ko2004252704 
910 |a BOA001  |b CD-0007.053 
964 |a Orchestr komorní  |z stol.18.  |x CD 
990 |a AV 
996 6 |b 261H007517  |c CD-0007.053  |l MZK  |r Sklad / do 24 hodin  |n 0  |p p.v.  |w 000405087  |u 000010  |a 1  |e BOA001  |j MZK50  |s P